| 000 | 00400nam a2200169Ia 4500 | ||
|---|---|---|---|
| 005 | 20240823033319.0 | ||
| 008 | 240823s9999||||xx |||||||||||||| ||und|| | ||
| 041 | _aENGLISH | ||
| 082 | _A621.319 | ||
| 100 | _aJoel Gnanabishegam et al. | ||
| 245 | 0 | _aDistribution and Utilisation | |
| 250 | _a1st | ||
| 260 | _bpriya public | ||
| 500 | _aYES | ||
| 650 |
_aDistribution _bGeneral |
||
| 942 | _cBK | ||
| 999 |
_c195516 _d195516 |
||